Legal Aspects of Finance (Record no. 226499)
[ view plain ]
| 000 -LEADER | |
|---|---|
| fixed length control field | 00540nam a22001937a 4500 |
| 005 - DATE AND TIME OF LATEST TRANSACTION | |
| control field | 20230131150534.0 |
| 008 - FIXED-LENGTH DATA ELEMENTS--GENERAL INFORMATION | |
| fixed length control field | 230131b ||||| |||| 00| 0 eng d |
| 040 ## - CATALOGING SOURCE | |
| Transcribing agency | AL |
| 041 ## - LANGUAGE CODE | |
| Language code of text/sound track or separate title | English |
| 082 ## - DEWEY DECIMAL CLASSIFICATION NUMBER | |
| Edition number | 23 |
| Classification number | 332.15 |
| Item number | DHAL |
| 100 ## - MAIN ENTRY--PERSONAL NAME | |
| Personal name | R G Dhanawade and others |
| 100 ## - MAIN ENTRY--PERSONAL NAME | |
| 9 (RLIN) | 70310 |
| 245 ## - TITLE STATEMENT | |
| Title | Legal Aspects of Finance |
| 260 ## - PUBLICATION, DISTRIBUTION, ETC. | |
| Place of publication, distribution, etc. | Pune |
| Name of publisher, distributor, etc. | Symbiosis Centre for Distance Learning |
| Date of publication, distribution, etc. | 2009 |
| 300 ## - PHYSICAL DESCRIPTION | |
| Extent | 362 p. |
| Other physical details | PB |
| Dimensions | 23x17 cm. |
| 650 ## - SUBJECT ADDED ENTRY--TOPICAL TERM | |
| Topical term or geographic name entry element | Finance |
| 9 (RLIN) | 70311 |
| 700 ## - ADDED ENTRY--PERSONAL NAME | |
| Personal name | DHANAWADE (R G) |
| 9 (RLIN) | 70312 |
| 700 ## - ADDED ENTRY--PERSONAL NAME | |
| Personal name | DEULKAR (S V) |
| 9 (RLIN) | 70313 |
| 942 ## - ADDED ENTRY ELEMENTS (KOHA) | |
| Source of classification or shelving scheme | Dewey Decimal Classification |
| Koha item type | Donated Books |
| Withdrawn status | Lost status | Source of classification or shelving scheme | Damaged status | Not for loan | Collection code | Home library | Current library | Date acquired | Total Checkouts | Full call number | Barcode | Date last seen | Price effective from | Koha item type |
|---|---|---|---|---|---|---|---|---|---|---|---|---|---|---|
| Dewey Decimal Classification | Commerce | St Aloysius Library | St Aloysius Library | 05/28/2013 | 332.15 DHAL | D05107 | 01/31/2023 | 01/31/2023 | Donated Books |